Centroamérica en las globalizaciones (siglos SVI-XXI) /

Este ensayo intenta acercar la experiencia histórica centroamericana a las corrientes actuales de la historia y las ciencias sociales a nivel internacional, las cuales han experimentado lo que se ha denominado un giro global. Se propone la hipótesis que Centroamérica ha participado en las distintas...

Celý popis

Uloženo v:
Podrobná bibliografie
Hlavní autor: Acuña Ortega, Víctor Hugo
Médium: Neznámo
Jazyk:Spanish
Témata:
On-line přístup:http://revistas.ucr.ac.cr/index.php/anuario/article/view/21838/22026
Tagy: Přidat tag
Žádné tagy, Buďte první, kdo vytvoří štítek k tomuto záznamu!

MARC

LEADER 00000 a2200000 4500
008 160218s2015 c |||||s||||a00| b spa d
100 1 |a Acuña Ortega, Víctor Hugo 
245 1 0 |a Centroamérica en las globalizaciones (siglos SVI-XXI) /  |c Víctor Hugo Acuña Ortega 
300 |a volúmenes 
520 |a Este ensayo intenta acercar la experiencia histórica centroamericana a las corrientes actuales de la historia y las ciencias sociales a nivel internacional, las cuales han experimentado lo que se ha denominado un giro global. Se propone la hipótesis que Centroamérica ha participado en las distintas fases de la globalización en su condición de región geoestratégica en el conjunto del planeta, como istmo entre los dos océanos más importantes del planeta y como puente entre la América del Norte y la América del Sur. Desde el siglo XVI, cuando se inserta en los procesos de global- ización, la función de istmo ha prevalecido. No obstante, en la fase actual de la global- ización su función de puente ha adquirido gran relevancia. Complementariamente, la región se inserta en los procesos de globalización en función de su condición de península subtropical de Norteamérica. El ensayo explora los grados de conciencia de globalidad que han existido en la región desde finales del siglo XVI, muestra el triunfo del nacionalismo metodológico a fines del siglo XIX y propone repensar la historia del istmo a la luz de ese giro global en las ciencias sociales.  
651 1 4 |a AMERICA CENTRAL  |v PUBLICACIONES PERIODICAS 
773 0 |w CSIC000104261  |x 0377-7316  |d San Jose (Costa Rica), 1974-  |t Anuario de estudios centroamericanos.  |g Volumen 41 (2005)  |q 13-27 páginas 
856 3 0 |u http://revistas.ucr.ac.cr/index.php/anuario/article/view/21838/22026 
942 |2 ddc  |c ARC 
999 |c 4587  |d 4587